Pokémon - Personnages de la 7g - Statistiques

Statistiques générales
  • Ce quiz a été pris 94 fois
  • Le résultat moyen est 22 sur 38
Statistiques - réponses
Par images Réponse % Correct
Lilie
96%
Professeur Euphorbe
96%
Gladio
93%
Tili
93%
Elsa-Mina
91%
Barbara
85%
Guzma
85%
Néphie
85%
Kiawe
80%
Raphaël Chen
80%
Chrys
76%
Margie
76%
Althéo
74%
Pectorius
74%
Paulie
70%
Alyxia
67%
Apocyne
67%
Danh
65%
Oléa
63%
Kahili
61%
Molène
61%
Vicky
61%
Green
59%
Saubohne
59%
Mohn
48%
Selene
43%
Solane
43%
Trace
41%
Elio
35%
Ali
33%
Zoé
26%
Chase
24%
Elaine
22%
Cym
15%
Rhody
13%
Solie
11%
Steffie Fatale
9%
Tonton Swaggy
7%
Aucun quiz correspondant
Distribution des résultats
% des personnes avec chaque résultat
Percentile par nombre de réponses
Votre historique - résultats
Vous n’avez pas pris ce quiz